| 000 | 00000cas 2200000za 4500 |
| 001 | 9.504328 |
| 003 | CaOODSP |
| 005 | 20260220150810 |
| 007 | cr ||||||||||| |
| 008 | 150406c20149999qucar p o f0 b0fre d |
| 022 | |a2369-3339 |
| 040 | |aCaOODSP|bfre |
| 043 | |an-cn--- |
| 086 | 1 |aNM20-2F-PDF |
| 110 | 2 |aMusée canadien de l'histoire. |
| 222 | 0|aRapport annuel ...|b(Musée canadien de l'histoire) |
| 245 | 10|aRapport annuel … |h[ressource électronique]. |
| 260 | |aGatineau, QC : |bMusée canadien de l'histoire, |c2014- |
| 310 | |aAnnuel |
| 362 | 1 |aParaît depuis 2013/2014. |
| 500 | |aPubl. aussi en anglais sous le titre : Annual report … |
| 520 | 3 |aDécrit en détail les activités au cours de l’exercice financier. Comprend des états financiers. |
| 692 | 07|2gccst|aRapport annuel |
| 710 | 2 |aMusée canadien de la guerre. |
| 775 | 08|tAnnual report … |w(CaOODSP)9.507951 |
| 776 | 0#|tAnnual report ...|w(CaOODSP)9.512456 |
| 780 | 00|tRapport annuel de la Société du Musée canadien des civilisations |w(CaOODSP)9.502181 |